Normal view MARC view

Entry Personal Name

Number of records used in: 6

001 - CONTROL NUMBER

  • control field: 8631

003 - CONTROL NUMBER IDENTIFIER

  • control field: DLC

005 - DATE AND TIME OF LATEST TRANSACTION

  • control field: 20210702142646.0

008 - FIXED-LENGTH DATA ELEMENTS

  • fixed length control field: 810401n| azannaab |n aaa

010 ## - LIBRARY OF CONGRESS CONTROL NUMBER

  • LC control number: n 81018912

040 ## - CATALOGING SOURCE

  • Original cataloging agency: DLC
  • Language of cataloging: eng
  • Description conventions: rda
  • Transcribing agency: DLC
  • Modifying agency: DLC

046 ## - SPECIAL CODED DATES

  • Birth date: 1940

100 1# - HEADING--PERSONAL NAME

  • Personal name: Zill, Dennis G.,
  • Dates associated with a name: 1940-

670 ## - SOURCE DATA FOUND

  • Source citation: College mathematics for students of business ... c1977.

670 ## - SOURCE DATA FOUND

  • Source citation: LC database, Apr. 30, 2013
  • Information found: (hdg.: Zill, dennis G., 1940- ; usage: Dennis G. Zill [predominant form], Dennis Zill)

Powered by Koha